000 00904nam a2200277 i 4500
003 EG-GICUC
005 20260129120557.0
008 260129s1930 fr |||fr |||| 000 0free d
040 _aEG-GiCUC
_bfre
_cEG-GiCUC
_dEG-GiCUC
_eRda
082 0 4 _221
_a341.83
_bNO . T
092 0 4 _221
099 _aLaw1 12 341.83 NO . T 1930
100 1 _aNogaro, Jean
_eAuteur
245 1 4 _aLes Traités D'etablissement Et Le Droit Des Étrangers en France /
_cJean Nogaro.
_n
_b
264 1 _aParis :
_bRecueil Sirey,
_c1930.
300 _a223page :
_billustration ;
_c 24 cm.
336 _2rda contenu
_a texte
337 _2rda medias
_aOrdinateur
338 _2 transporteur rda
_a Ressource en ligne
546 _aTexte en français
650 1 4 _aDroit international privé
_2
651 1 _2
856 4 0 _uhttps://fll.law.cu.edu.eg/fulltext/bks/B12-02031.pdf
905 _a50
942 _2ddc
_cBK
_e21
_n0
999 _c60041
_d60041